[Event "Milan Crespi op-C 33rd"]
[Site "Milan"]
[Date "2012.12.09"]
[Round "7"]
[White "Versari, Marino"]
[Black "Corti, Filippo"]
[Result "1/2-1/2"]
[WhiteElo "1583"]
[BlackElo "1649"]
[PlyCount "42"]
[EventDate "2012.12.05"]
[EventType "swiss"]
[EventRounds "7"]
[EventCountry "ITA"]
[SourceTitle "EXT 2024"]
[Source "ChessBase"]
[SourceDate "2023.10.10"]
[SourceVersion "1"]
[SourceVersionDate "2023.10.10"]
[SourceQuality "1"]

1. d4 Nf6 2. c4 g6 3. Nc3 Bg7 4. e4 d6 5. Nf3 0-0 6. Be2 Nbd7 7. 0-0 e5 8. d5 Nc5 9. Qc2 a5 10. a4 Nfd7 11. Rb1 f5 12. exf5 gxf5 13. Ne1 e4 14. Bf4 Ne5 15. f3 exf3 16. Nxf3 Nxf3+ 17. Rxf3 Qf6 18. Rbf1 Bd7 19. Bc1 Rae8 20. R3f2 Qg6 21. Qd1 Qf6 1/2-1/2

[Event "Milan Crespi op-C 33rd"]
[Site "Milan"]
[Date "2012.12.08"]
[Round "4"]
[White "Costanza, Calogero"]
[Black "Versari, Marino"]
[Result "0-1"]
[WhiteElo "1683"]
[BlackElo "1583"]
[PlyCount "92"]
[EventDate "2012.12.05"]
[EventType "swiss"]
[EventRounds "7"]
[EventCountry "ITA"]
[SourceTitle "EXT 2024"]
[Source "ChessBase"]
[SourceDate "2023.10.10"]
[SourceVersion "1"]
[SourceVersionDate "2023.10.10"]
[SourceQuality "1"]

1. d4 d5 2. Nf3 Nf6 3. b3 e6 4. Bb2 Bd6 5. e3 0-0 6. Bd3 c5 7. Ne5 cxd4 8. exd4 b6 9. 0-0 Bb7 10. Nd2 Nc6 11. f4 Ne7 12. g4 Bxe5 13. dxe5 Nd7 14. Nf3 Nc5 15. f5 Nxd3 16. Qxd3 exf5 17. gxf5 Qc8 18. Ng5 h6 19. Nh3 Ba6 20. c4 dxc4 21. Qg3 c3 22. Bxc3 Bxf1 23. Rxf1 Nxf5 24. Qf3 Qc5+ 25. Kh1 Nh4 26. Qg3 Qd5+ 27. Kg1 Ng6 28. Re1 Rfe8 29. Nf4 Qc5+ 30. Kh1 Nxf4 31. e6 Qd5+ 32. Kg1 Ng6 33. exf7+ Qxf7 34. Rf1 Qe7 35. Re1 Qg5 36. Qxg5 hxg5 37. Rd1 Rac8 38. Rd3 Rcd8 39. Rg3 Rd1+ 40. Kg2 Re2+ 41. Kh3 Nf4+ 42. Kg4 Nd5 43. Kxg5 Nxc3 44. Rxc3 Rxh2 45. Rc8+ Kh7 46. Rc7 Rxa2 0-1

[Event "Milan Crespi op-C 33rd"]
[Site "Milan"]
[Date "2012.12.06"]
[Round "2"]
[White "Poletto, Daniele"]
[Black "Versari, Marino"]
[Result "1-0"]
[WhiteElo "1726"]
[BlackElo "1583"]
[PlyCount "59"]
[EventDate "2012.12.05"]
[EventType "swiss"]
[EventRounds "7"]
[EventCountry "ITA"]
[SourceTitle "EXT 2024"]
[Source "ChessBase"]
[SourceDate "2023.10.10"]
[SourceVersion "1"]
[SourceVersionDate "2023.10.10"]
[SourceQuality "1"]

1. c4 e5 2. Nc3 Nf6 3. g3 Nc6 4. Bg2 d6 5. d3 Rb8 6. e4 g6 7. Nge2 Bg7 8. 0-0 0-0 9. h3 Be6 10. Be3 a6 11. f4 exf4 12. Nxf4 Bd7 13. Qd2 Ne5 14. Ncd5 Nxd5 15. cxd5 b5 16. Rac1 Rc8 17. b3 c5 18. dxc6 Nxc6 19. Nd5 Nd4 20. Kh2 Rxc1 21. Rxc1 Be5 22. Qf2 f5 23. Bxd4 fxe4 24. Qe3 Bxd4 25. Qxd4 exd3 26. Qxd3 Bf5 27. Qd2 a5 28. Re1 Rf7 29. Nf4 b4 30. Be4 1-0